[Event "Wch Juvenil 2010 sub12"]
[Site "Porto Carras GRE"]
[Date "2010.10.23"]
[Round "4.8"]
[White "Colas, Joshua"]
[Black "Savenkov, Konstantin"]
[Result "0-1"]
[WhiteElo "2068"]
[BlackElo "1943"]
[PlyCount "104"]
[EventDate "2010.10.20"]
[EventType "swiss"]
[EventRounds "11"]
[EventCountry "GRE"]
[Source "lmi"]
[SourceDate "2010.10.20"]

1. d4 e6 2. c4 d5 3. Nc3 f5 4. cxd5 exd5 5. Bf4 c6 6. e3 Nf6 7. Bd3 Bd6 8. Bxd6
Qxd6 9. Nge2 O-O 10. Qc2 Ne4 11. O-O Be6 12. Rae1 Nd7 13. Nf4 Rae8 14. f3 Nxc3
15. bxc3 a6 16. Nxe6 Qxe6 17. e4 fxe4 18. fxe4 Rxf1+ 19. Kxf1 dxe4 20. Rxe4
Qf7+ 21. Kg1 Rxe4 22. Bxe4 Nf6 23. Bf3 Qe6 24. Qb3 Qxb3 25. axb3 g5 26. g4 Nd5
27. c4 Nb4 28. Kf2 b5 29. d5 cxd5 30. cxb5 axb5 31. Ke3 Kf7 32. Kd4 Ke6 33. Kc5
Nd3+ 34. Kxb5 Ke5 35. Kc6 d4 36. Kb5 Nb2 37. Be2 d3 38. Bxd3 Nxd3 39. Kc4 Nf2
40. b4 Nxg4 41. b5 Kd6 42. Kd4 Nxh2 43. Ke3 h5 44. Kf2 Kc5 45. Kg3 Kxb5 46.
Kxh2 Kc5 47. Kg2 Kd4 48. Kh1 Ke3 49. Kg1 Kf4 50. Kh1 Kg3 51. Kg1 g4 52. Kh1 Kf2
0-1

[Event "Wch Juvenil 2010 sub12"]
[Site "Porto Carras GRE"]
[Date "2010.10.23"]
[Round "4.9"]
[White "Sadikhov, Ulvi Ramil"]
[Black "Asgharzadeh, M Reza"]
[Result "1-0"]
[WhiteElo "2060"]
[BlackElo "1893"]
[PlyCount "75"]
[EventDate "2010.10.20"]
[EventType "swiss"]
[EventRounds "11"]
[EventCountry "GRE"]
[Source "lmi"]
[SourceDate "2010.10.20"]

1. e4 e5 2. Nf3 Nc6 3. Bc4 Bc5 4. c3 Nf6 5. d3 d6 6. Bb3 O-O 7. Nbd2 Ne7 8. Nf1
Ng6 9. Ng3 Bg4 10. h3 Bxf3 11. gxf3 Nd7 12. d4 Bb6 13. Be3 Nh4 14. Rg1 Ng6 15.
Qe2 exd4 16. cxd4 Ba5+ 17. Bd2 c5 18. Nf5 cxd4 19. Kf1 Bb6 20. Bg5 Qc7 21. Rc1
Bc5 22. h4 Kh8 23. h5 Nge5 24. f4 d3 25. Qd1 d2 26. Qxd2 Nf3 27. Qc3 f6 28.
Qxf3 fxg5 29. Rxg5 Qc6 30. Ne7 Qb5+ 31. Kg2 h6 32. Ng6+ Kh7 33. Nxf8+ Rxf8 34.
Rxg7+ Kxg7 35. Qg4+ Kh8 36. Qg6 Qxb3 37. Qxh6+ Kg8 38. axb3 1-0

[Event "Wch Juvenil 2010 sub12"]
[Site "Porto Carras GRE"]
[Date "2010.10.23"]
[Round "4.10"]
[White "Huber, Martin Christian"]
[Black "Karthikeyan, Murali"]
[Result "0-1"]
[WhiteElo "1985"]
[BlackElo "2059"]
[PlyCount "72"]
[EventDate "2010.10.20"]
[EventType "swiss"]
[EventRounds "11"]
[EventCountry "GRE"]
[Source "lmi"]
[SourceDate "2010.10.20"]

1. d4 Nf6 2. c4 e6 3. Nc3 d5 4. cxd5 exd5 5. Bg5 Be7 6. e3 O-O 7. Bd3 h6 8. Bh4
b6 9. Qc2 Bb7 10. Nf3 Nbd7 11. O-O-O c5 12. Rdg1 Rc8 13. g4 Ne4 14. Bxe7 Qxe7
15. g5 h5 16. Bb5 cxd4 17. exd4 Nxc3 18. bxc3 Rxc3 19. Qxc3 Rc8 20. Qxc8+ Bxc8
21. Bd3 Qa3+ 22. Kd2 Qxa2+ 23. Ke3 Qa3 24. Ra1 Qe7+ 25. Kd2 Nf8 26. h4 Bg4 27.
Ne5 Qb4+ 28. Ke3 Ne6 29. Nc6 Qd6 30. Ne5 f6 31. Ng6 Qb4 32. Rxa7 Qxd4+ 33. Kd2
Qxf2+ 34. Kc3 Qd4+ 35. Kd2 f5 36. Re1 Qb4+ 0-1

[Event "Wch Juvenil 2010 sub12"]
[Site "Porto Carras GRE"]
[Date "2010.10.24"]
[Round "5.2"]
[White "Troff, Kayden W"]
[Black "Ghosh, Diptayan"]
[Result "1/2-1/2"]
[WhiteElo "2216"]
[BlackElo "2193"]
[PlyCount "54"]
[EventDate "2010.10.20"]
[EventType "swiss"]
[EventRounds "11"]
[EventCountry "GRE"]
[Source "lmi"]
[SourceDate "2010.10.20"]

1. d4 d5 2. c4 e5 3. dxe5 d4 4. Nf3 Nc6 5. a3 Nge7 6. b4 Ng6 7. Bb2 a5 8. b5
Ncxe5 9. Nxe5 Nxe5 10. e3 Be6 11. Bxd4 Nxc4 12. Qc2 Nd6 13. Be2 Nf5 14. Bb2 Qg5
15. O-O Bd6 16. Nc3 Qh6 17. g3 O-O 18. Ne4 Rac8 19. Bd3 Qh5 20. Qc3 f6 21. Qxa5
Qf3 22. Nd2 Qg4 23. Qc3 Bxg3 24. Bxf5 Bxh2+ 25. Kxh2 Qh4+ 26. Kg2 Qg5+ 27. Kh2
Qh4+ 1/2-1/2

[Event "Wch Juvenil 2010 sub12"]
[Site "Porto Carras GRE"]
[Date "2010.10.24"]
[Round "5.5"]
[White "Savenkov, Konstantin"]
[Black "Vetoshko, Volodymyr"]
[Result "0-1"]
[WhiteElo "1943"]
[BlackElo "2211"]
[PlyCount "80"]
[EventDate "2010.10.20"]
[EventType "swiss"]
[EventRounds "11"]
[EventCountry "GRE"]
[Source "lmi"]
[SourceDate "2010.10.20"]

1. e4 c5 2. Nc3 e6 3. g3 d5 4. d3 dxe4 5. Nxe4 Nf6 6. Bg2 Nbd7 7. Qe2 Be7 8.
Nf3 O-O 9. O-O Nd5 10. Bd2 b5 11. c4 bxc4 12. dxc4 Ba6 13. b3 Qc7 14. Rfe1 h6
15. Qd1 Nb4 16. Bxb4 cxb4 17. Qc2 Bb7 18. Rad1 Rad8 19. Nd4 Qb6 20. Ne2 f5 21.
Nd2 Bc5 22. Rf1 Ne5 23. Nc1 Ng4 24. Nd3 Bxg2 25. Kxg2 Bxf2 26. Qb1 Ne3+ 27. Kh3
Nxd1 28. Rxd1 Qe3 29. Nf1 Qf3 30. Qc2 f4 31. Nxf2 Rxd1 32. Qxd1 Qxf2 33. gxf4
Rxf4 34. Ng3 Rd4 35. Qh5 Rd2 36. Qe8+ Kh7 37. Qxe6 Qxh2+ 38. Kg4 Rd4+ 39. Ne4
Qg2+ 40. Kf5 Qf3+ 0-1

[Event "Wch Juvenil 2010 sub12"]
[Site "Porto Carras GRE"]
[Date "2010.10.24"]
[Round "5.6"]
[White "Donchenko, Alexander"]
[Black "Todorov, Yavor"]
[Result "1-0"]
[WhiteElo "2204"]
[BlackElo "1976"]
[PlyCount "81"]
[EventDate "2010.10.20"]
[EventType "swiss"]
[EventRounds "11"]
[EventCountry "GRE"]
[Source "lmi"]
[SourceDate "2010.10.20"]

1. c4 c5 2. Nc3 Nf6 3. g3 d5 4. cxd5 Nxd5 5. Bg2 Nxc3 6. bxc3 g6 7. Qb3 Qc7 8.
Rb1 Nd7 9. d3 Bg7 10. Bf4 e5 11. Bd2 O-O 12. Nf3 Rb8 13. a4 b6 14. c4 Bb7 15.
O-O Bc6 16. Qa3 f5 17. a5 Rbe8 18. Ne1 e4 19. Bf4 Qb7 20. Nc2 Ne5 21. Bxe5 Bxe5
22. Qb3 exd3 23. Bxc6 Qxc6 24. exd3 Rb8 25. axb6 Rxb6 26. Qa3 Rxb1 27. Rxb1 Qd6
28. Rb5 Rc8 29. Qxa7 Qxd3 30. Ne3 Qd4 31. Qe7 Ra8 32. Rb7 Bg7 33. Rd7 Qf6 34.
Qxc5 Re8 35. Qd5+ Kh8 36. c5 Rc8 37. c6 Bf8 38. c7 Qc3 39. Qf7 Qa1+ 40. Kg2
Qa8+ 41. Nd5 1-0

[Event "Wch Juvenil 2010 sub12"]
[Site "Porto Carras GRE"]
[Date "2010.10.24"]
[Round "5.7"]
[White "Ali, Marandi Cemil Can"]
[Black "Barros, Cristhian"]
[Result "1-0"]
[WhiteElo "2180"]
[BlackElo "1946"]
[PlyCount "63"]
[EventDate "2010.10.20"]
[EventType "swiss"]
[EventRounds "11"]
[EventCountry "GRE"]
[Source "lmi"]
[SourceDate "2010.10.20"]

1. e4 e5 2. Nf3 Nf6 3. Nxe5 d6 4. Nf3 Nxe4 5. d4 d5 6. Bd3 Bd6 7. O-O O-O 8. c4
c6 9. Nc3 Nxc3 10. bxc3 Bg4 11. Rb1 dxc4 12. Bxc4 Nd7 13. Bd3 Rb8 14. Be3 Qa5
15. h3 Bh5 16. c4 Rfd8 17. c5 Bxf3 18. Qxf3 Bc7 19. Bg5 f6 20. Bc4+ Kh8 21. Be3
Nf8 22. Rb2 b5 23. Bb3 Qa6 24. Re2 Ng6 25. Bc2 Ne7 26. Qe4 Ng6 27. Qg4 Nf8 28.
Rfe1 Qxa2 29. Bxh7 Qf7 30. Bb1 Re8 31. Qh4+ Kg8 32. Ba2 1-0

[Event "Wch Juvenil 2010 sub12"]
[Site "Porto Carras GRE"]
[Date "2010.10.24"]
[Round "5.9"]
[White "Sidhant, Mohapatra"]
[Black "Beker, Ziv"]
[Result "1/2-1/2"]
[WhiteElo "2125"]
[BlackElo "1936"]
[PlyCount "99"]
[EventDate "2010.10.20"]
[EventType "swiss"]
[EventRounds "11"]
[EventCountry "GRE"]
[Source "lmi"]
[SourceDate "2010.10.20"]

1. d4 d5 2. Nc3 Bf5 3. f3 e6 4. e4 Bg6 5. Bd3 Nf6 6. Nge2 c5 7. exd5 Nxd5 8.
Nxd5 exd5 9. Nf4 c4 10. Bxg6 hxg6 11. O-O Be7 12. Re1 Nc6 13. c3 Qd6 14. b3
O-O-O 15. bxc4 dxc4 16. Qe2 g5 17. Nh3 Qd5 18. Qe4 Rh4 19. Qxd5 Rxd5 20. Nf2 b5
21. a3 Kd7 22. g3 Rh6 23. Ng4 Re6 24. Rxe6 Kxe6 25. Ne3 Rd8 26. Bb2 Bf6 27. Re1
Kd7 28. Nd5 Re8 29. Re4 Bd8 30. Ne3 g6 31. Kf2 f5 32. Rxe8 Kxe8 33. Ke2 Kd7 34.
a4 a6 35. axb5 axb5 36. Kd2 Bc7 37. Nd5 Bd6 38. Kc2 Ke6 39. Ne3 Ne7 40. Bc1 f4
41. Nf1 Nd5 42. g4 Kd7 43. h3 Kc6 44. Nd2 Kb6 45. Ne4 Be7 46. Kb2 Ka5 47. Ka2
Ka4 48. Bd2 Nc7 49. Bc1 Nd5 50. Bd2 1/2-1/2

[Event "Wch Juvenil 2010 sub12"]
[Site "Porto Carras GRE"]
[Date "2010.10.24"]
[Round "6.2"]
[White "Ghosh, Diptayan"]
[Black "Tari, Aryan"]
[Result "1/2-1/2"]
[WhiteElo "2193"]
[BlackElo "2053"]
[PlyCount "48"]
[EventDate "2010.10.20"]
[EventType "swiss"]
[EventRounds "11"]
[EventCountry "GRE"]
[Source "lmi"]
[SourceDate "2010.10.20"]

1. d4 Nf6 2. c4 c5 3. Nf3 cxd4 4. Nxd4 Nc6 5. Nc3 g6 6. g3 Nxd4 7. Qxd4 Bg7 8.
Bg2 d6 9. O-O O-O 10. Qd2 Qc7 11. b3 Bd7 12. Bb2 Bc6 13. Rac1 Bxg2 14. Kxg2
Qc6+ 15. f3 a6 16. e4 Rfc8 17. Rfe1 Qd7 18. a4 Qc6 19. a5 Qc7 20. Na4 Nd7 21.
Bxg7 Kxg7 22. b4 Qc6 23. Nc3 e6 24. Nd1 b6 1/2-1/2

[Event "Wch Juvenil 2010 sub12"]
[Site "Porto Carras GRE"]
[Date "2010.10.24"]
[Round "6.3"]
[White "Donchenko, Alexander"]
[Black "Troff, Kayden W"]
[Result "0-1"]
[WhiteElo "2204"]
[BlackElo "2216"]
[PlyCount "96"]
[EventDate "2010.10.20"]
[EventType "swiss"]
[EventRounds "11"]
[EventCountry "GRE"]
[Source "lmi"]
[SourceDate "2010.10.20"]

1. c4 e5 2. Nc3 Nc6 3. g3 Nf6 4. Bg2 Bb4 5. b3 Bxc3 6. dxc3 O-O 7. Nf3 Re8 8.
O-O e4 9. Nd4 Nxd4 10. Qxd4 h6 11. Bf4 d6 12. Rfd1 Qe7 13. h3 Bf5 14. Be3 b6
15. Qd2 Rad8 16. Qb2 d5 17. c5 Qe6 18. Kh2 Nd7 19. cxb6 axb6 20. a4 Ne5 21. Bf1
Ra8 22. Bd4 h5 23. Qd2 Nc6 24. Be3 Na5 25. Rab1 Nxb3 26. Qxd5 Qxd5 27. Rxd5 Be6
28. Rb5 Na5 29. Bf4 Nc4 30. Rxh5 c6 31. Bg2 Bd5 32. Rb4 g6 33. Rh4 c5 34. Rb1
Rxa4 35. Bc7 Ra2 36. Rd1 Bc6 37. Rd8 Ra8 38. Rxe8+ Rxe8 39. e3 b5 40. Bf1 Nd2
41. Be2 b4 42. cxb4 cxb4 43. Ba5 Rb8 44. Bc7 f6 45. Ba5 Bd5 46. Bd1 Bb3 47.
Bxb3+ Nxb3 48. Bc7 Nd2 0-1

[Event "Wch Juvenil 2010 sub12"]
[Site "Porto Carras GRE"]
[Date "2010.10.24"]
[Round "6.4"]
[White "Vetoshko, Volodymyr"]
[Black "Popov, Andrey"]
[Result "1-0"]
[WhiteElo "2211"]
[BlackElo "2024"]
[PlyCount "77"]
[EventDate "2010.10.20"]
[EventType "swiss"]
[EventRounds "11"]
[EventCountry "GRE"]
[Source "lmi"]
[SourceDate "2010.10.20"]

1. e4 e5 2. Nf3 Nc6 3. Bb5 a6 4. Ba4 Nf6 5. d4 exd4 6. O-O Be7 7. Re1 O-O 8. e5
Nd5 9. Nxd4 Nb6 10. Bb3 Nxd4 11. Qxd4 d6 12. exd6 Qxd6 13. Qe4 Bf6 14. Bf4 Qc5
15. Nc3 c6 16. Rad1 Bxc3 17. bxc3 Qf5 18. Qe3 Nd5 19. Bxd5 cxd5 20. Bd6 Be6 21.
Bxf8 Rxf8 22. Qd3 Qf6 23. a4 Rc8 24. Re3 g6 25. Rf3 Qh4 26. Qd4 Qe7 27. Qe5 Qe8
28. Rd4 Qc6 29. h4 h5 30. Rg3 Kh7 31. Rf4 Qd7 32. Rd3 Qc6 33. g4 hxg4 34. h5
Bf5 35. hxg6+ fxg6 36. Rh3+ gxh3 37. Rh4+ Kg8 38. Rh8+ Kf7 39. Rh7+ 1-0

[Event "Wch Juvenil 2010 sub12"]
[Site "Porto Carras GRE"]
[Date "2010.10.24"]
[Round "6.5"]
[White "Xu, Yi"]
[Black "Ali, Marandi Cemil Can"]
[Result "1/2-1/2"]
[WhiteElo "2039"]
[BlackElo "2180"]
[PlyCount "100"]
[EventDate "2010.10.20"]
[EventType "swiss"]
[EventRounds "11"]
[EventCountry "GRE"]
[Source "lmi"]
[SourceDate "2010.10.20"]

1. e4 c5 2. Nf3 e6 3. d4 cxd4 4. Nxd4 a6 5. Bd3 Nf6 6. O-O d6 7. c4 Be7 8. Nc3
Qc7 9. Be3 Nbd7 10. Rc1 O-O 11. f4 b6 12. b3 Bb7 13. Bf2 Nc5 14. Qe2 Nxd3 15.
Qxd3 Rfd8 16. Kh1 Rac8 17. f5 Qd7 18. fxe6 fxe6 19. Rce1 Rb8 20. Qh3 Bc8 21.
Nf3 e5 22. Qxd7 Bxd7 23. Bh4 Bc6 24. Bxf6 Bxf6 25. Nd5 Rf8 26. Rd1 b5 27. cxb5
Bxb5 28. Rfe1 Rbc8 29. a4 Be8 30. Nd2 Bg5 31. Nf3 Bd8 32. Rc1 Rb8 33. Re3 g5
34. h3 h5 35. Nxg5 Bxg5 36. Rg3 Rxb3 37. Rxg5+ Kh7 38. h4 Bg6 39. Rc7+ Rf7 40.
Rc6 Rb1+ 41. Kh2 Rff1 42. Rxd6 Rh1+ 43. Kg3 Rb3+ 44. Kf2 Rb2+ 45. Kf3 Rb3+ 46.
Ne3 Re1 47. Rdxg6 Rbxe3+ 48. Kf2 R1e2+ 49. Kg1 Rxe4 50. Rg7+ Kh8 1/2-1/2

[Event "Wch Juvenil 2010 sub12"]
[Site "Porto Carras GRE"]
[Date "2010.10.24"]
[Round "6.6"]
[White "Beerdsen, Thomas"]
[Black "Sanal, Vahap"]
[Result "0-1"]
[WhiteElo "1991"]
[BlackElo "2170"]
[PlyCount "88"]
[EventDate "2010.10.20"]
[EventType "swiss"]
[EventRounds "11"]
[EventCountry "GRE"]
[Source "lmi"]
[SourceDate "2010.10.20"]

1. e4 e5 2. Nf3 Nc6 3. Bb5 a6 4. Ba4 Nf6 5. O-O b5 6. Bb3 Be7 7. Re1 d6 8. c3
O-O 9. h3 Na5 10. Bc2 d5 11. d4 dxe4 12. Nxe5 Bb7 13. Nd2 c5 14. Nxe4 cxd4 15.
cxd4 Nxe4 16. Bxe4 Bxe4 17. Rxe4 Qd5 18. Re1 Bb4 19. Re2 Rad8 20. Be3 Rfe8 21.
Nd3 Bd6 22. b3 Nc6 23. Rd2 Re4 24. Nc5 Rxe3 25. fxe3 Bxc5 26. Rc1 Ba3 27. Rcc2
Nb4 28. Rc5 Qd6 29. Qf3 Nd5 30. Rcc2 f5 31. Rf2 Qe6 32. Rce2 Rf8 33. Rc2 Be7
34. Rfe2 b4 35. Kh1 Nc3 36. Re1 Bh4 37. g3 Be7 38. Kg2 Bd6 39. g4 fxg4 40. Qxg4
Qd5+ 41. Kg1 h5 42. Qg2 Rf3 43. e4 Qxd4+ 44. Kh1 Qd3 0-1

[Event "Wch Juvenil 2010 sub12"]
[Site "Porto Carras GRE"]
[Date "2010.10.24"]
[Round "6.7"]
[White "Petrosyan, Manuel"]
[Black "Bellahcene, Bilel"]
[Result "1-0"]
[WhiteElo "1990"]
[BlackElo "2152"]
[PlyCount "109"]
[EventDate "2010.10.20"]
[EventType "swiss"]
[EventRounds "11"]
[EventCountry "GRE"]
[Source "lmi"]
[SourceDate "2010.10.20"]

1. d4 Nf6 2. Nf3 e6 3. c4 b6 4. g3 Ba6 5. b3 Bb4+ 6. Bd2 Be7 7. Bg2 c6 8. O-O
d5 9. Ne5 Nfd7 10. Nxd7 Nxd7 11. Bc3 O-O 12. Nd2 Rc8 13. e4 b5 14. Re1 bxc4 15.
bxc4 dxc4 16. Qa4 Bb5 17. Qc2 Ba3 18. Nxc4 Bxc4 19. Qa4 Qe7 20. Qxc4 Nb6 21.
Qb3 Rfd8 22. Rad1 Rb8 23. Qc2 Bb4 24. Re3 Bxc3 25. Rxc3 Qb4 26. a3 Qa5 27. Rxc6
Qxa3 28. d5 exd5 29. exd5 Rd6 30. Rxd6 Qxd6 31. Qc6 Rd8 32. Ra1 g6 33. Qxd6
Rxd6 34. f4 Kg7 35. Kf2 Kf6 36. Ra5 Rd7 37. Rc5 Ke7 38. Ke3 Kd8 39. Kd4 Rc7 40.
d6 Rxc5 41. Kxc5 Kd7 42. Bc6+ Ke6 43. Bb5 f6 44. Kc6 g5 45. Bd3 gxf4 46. gxf4
h6 47. f5+ Ke5 48. Bb1 h5 49. d7 Nxd7 50. Kxd7 a5 51. Ke7 a4 52. Kf7 h4 53. Kg6
h3 54. Ba2 a3 55. Bb3 1-0

[Event "Wch Juvenil 2010 sub12"]
[Site "Porto Carras GRE"]
[Date "2010.10.24"]
[Round "6.8"]
[White "Tatekhin, Vyacheslav"]
[Black "Msellek, Ilyass"]
[Result "1-0"]
[WhiteElo "2113"]
[BlackElo "2066"]
[PlyCount "55"]
[EventDate "2010.10.20"]
[EventType "swiss"]
[EventRounds "11"]
[EventCountry "GRE"]
[Source "lmi"]
[SourceDate "2010.10.20"]

1. e4 c5 2. Ne2 d6 3. g3 Nc6 4. Bg2 g6 5. c3 Bg7 6. d4 e5 7. dxc5 dxc5 8. Qxd8+
Nxd8 9. Na3 Ke7 10. Be3 b6 11. f4 f6 12. c4 Bb7 13. Nc3 Nf7 14. O-O Nd6 15.
Rad1 Nf7 16. Nab5 Ngh6 17. Nc7 Rad8 18. N7d5+ Bxd5 19. Nxd5+ Ke8 20. Bh3 Ng8
21. fxe5 Nxe5 22. Nc7+ Ke7 23. Rxd8 Kxd8 24. Ne6+ Ke7 25. Nxg7 Nxc4 26. Bc1 Kf7
27. Be6+ Kxg7 28. Bxc4 1-0

[Event "Wch Juvenil 2010 sub12"]
[Site "Porto Carras GRE"]
[Date "2010.10.24"]
[Round "6.9"]
[White "Gajek, Radoslaw"]
[Black "Mohammad, Nubairshah Shaikh"]
[Result "1/2-1/2"]
[WhiteElo "1930"]
[BlackElo "2071"]
[PlyCount "97"]
[EventDate "2010.10.20"]
[EventType "swiss"]
[EventRounds "11"]
[EventCountry "GRE"]
[Source "lmi"]
[SourceDate "2010.10.20"]

1. e4 c6 2. d4 d5 3. Nd2 dxe4 4. Nxe4 Bf5 5. Ng3 Bg6 6. Nf3 Nd7 7. h4 h6 8. h5
Bh7 9. Bd3 Bxd3 10. Qxd3 Ngf6 11. Bf4 Qa5+ 12. Bd2 Qc7 13. O-O-O e6 14. Ne4
O-O-O 15. Nxf6 Nxf6 16. Qe2 Bd6 17. g3 a6 18. c4 c5 19. Bc3 cxd4 20. Nxd4 Rd7
21. Rd2 Rhd8 22. Nb3 Qc6 23. Rhd1 Ne4 24. Rd4 Nxc3 25. bxc3 Be7 26. Rxd7 Rxd7
27. Rxd7 Kxd7 28. Qd3+ Ke8 29. f3 Qd6 30. Qxd6 Bxd6 31. g4 Ke7 32. Kd2 g6 33.
hxg6 fxg6 34. Ke3 h5 35. gxh5 gxh5 36. f4 Kf6 37. Kf3 b6 38. a4 a5 39. Nd2 Kf5
40. Ne4 Bxf4 41. c5 bxc5 42. Nxc5 h4 43. Nb3 e5 44. Nxa5 h3 45. Nc4 e4+ 46. Kf2
Kg4 47. Kg1 e3 48. Nxe3+ Bxe3+ 49. Kh1 1/2-1/2

[Event "Wch Juvenil 2010 sub12"]
[Site "Porto Carras GRE"]
[Date "2010.10.24"]
[Round "6.10"]
[White "Abramciuc, Marius"]
[Black "Steinberg, Nitzan"]
[Result "1-0"]
[WhiteElo "2006"]
[BlackElo "2263"]
[PlyCount "121"]
[EventDate "2010.10.20"]
[EventType "swiss"]
[EventRounds "11"]
[EventCountry "GRE"]
[Source "lmi"]
[SourceDate "2010.10.20"]

1. e4 d6 2. d4 Nf6 3. Nc3 g6 4. Nf3 Bg7 5. Bc4 c6 6. O-O O-O 7. h3 b5 8. Bd3
Qc7 9. Ne2 Nbd7 10. Be3 Bb7 11. c3 e5 12. Ng3 a6 13. Qd2 Rfe8 14. Bh6 exd4 15.
Bxg7 Kxg7 16. cxd4 c5 17. d5 Qd8 18. Rae1 Rc8 19. Nh2 c4 20. Bc2 Qb6 21. Ng4
Nxg4 22. hxg4 Ne5 23. g5 Rh8 24. Qe3 Qxe3 25. Rxe3 Rc5 26. f4 Nd7 27. Rd1 a5
28. Nf1 Rhc8 29. Nd2 b4 30. Nf3 h6 31. gxh6+ Kxh6 32. Kf2 Kg7 33. Nd4 Ra8 34.
Rg3 Kf6 35. Ba4 Nb6 36. Bc6 Bxc6 37. Nxc6 Kg7 38. Re3 Rh8 39. Re2 Na4 40. Rc2
c3 41. b3 Nb6 42. Kf3 f5 43. exf5 gxf5 44. Ne7 Kf6 45. Re2 Re8 46. Re6+ Kf7 47.
Nxf5 Rxd5 48. Rxd6 Rxd1 49. Rxd1 Nc8 50. g4 Rh8 51. Ng3 Ne7 52. f5 Rh2 53. g5
Rxa2 54. Rd7 Ke8 55. Rc7 Nd5 56. Rc8+ Kd7 57. f6 c2 58. f7 Kxc8 59. f8=Q+ Kb7
60. Qf7+ Nc7 61. Ne2 1-0

[Event "Wch Juvenil 2010 sub12"]
[Site "Porto Carras GRE"]
[Date "2010.10.26"]
[Round "7.3"]
[White "Tari, Aryan"]
[Black "Vetoshko, Volodymyr"]
[Result "1/2-1/2"]
[WhiteElo "2053"]
[BlackElo "2211"]
[PlyCount "85"]
[EventDate "2010.10.20"]
[EventType "swiss"]
[EventRounds "11"]
[EventCountry "GRE"]
[Source "lmi"]
[SourceDate "2010.10.20"]

1. e4 c5 2. Nf3 d6 3. d4 cxd4 4. Nxd4 Nf6 5. Nc3 g6 6. Be3 Bg7 7. f3 O-O 8. Bc4
Nc6 9. Qd2 Bd7 10. O-O-O Rb8 11. h4 b5 12. Nxc6 Bxc6 13. Be2 a5 14. Bh6 b4 15.
Nd5 Bxh6 16. Qxh6 Bxd5 17. exd5 a4 18. Kb1 Qc7 19. Bd3 b3 20. cxb3 axb3 21. a3
Rfc8 22. h5 Nxh5 23. Rc1 Qa5 24. Rcd1 Nf6 25. g4 Rc3 26. g5 Rxd3 27. gxf6 Rxd1+
28. Rxd1 exf6 29. Rh1 Rb7 30. Qxh7+ Kf8 31. Qh6+ Ke8 32. Qe3+ Kd7 33. Re1 Qxd5
34. Qe7+ Kc6 35. Rc1+ Kb6 36. Qxf6 Ka7 37. Qd8 Qd3+ 38. Ka1 Qd2 39. Qc8 Qa5 40.
Qe8 Qe5 41. Qa4+ Kb8 42. Qc6 Qe6 43. Qc3 1/2-1/2

[Event "Wch Juvenil 2010 sub12"]
[Site "Porto Carras GRE"]
[Date "2010.10.26"]
[Round "7.4"]
[White "Sanal, Vahap"]
[Black "Ghosh, Diptayan"]
[Result "1-0"]
[WhiteElo "2170"]
[BlackElo "2193"]
[PlyCount "131"]
[EventDate "2010.10.20"]
[EventType "swiss"]
[EventRounds "11"]
[EventCountry "GRE"]
[Source "lmi"]
[SourceDate "2010.10.20"]

1. e4 d5 2. exd5 Qxd5 3. Nc3 Qa5 4. Bc4 Nf6 5. d3 c6 6. Qe2 Nbd7 7. Bd2 Qe5 8.
O-O-O Qxe2 9. Ngxe2 b5 10. Bxb5 cxb5 11. Nxb5 Rb8 12. Nc7+ Kd8 13. Ba5 Nb6 14.
Nb5 a6 15. Na3 Ke8 16. Nd4 Bd7 17. Nc4 Nxc4 18. dxc4 Rc8 19. b3 Ne4 20. Rhf1 e6
21. f3 Nc5 22. Rfe1 Be7 23. Kb2 f6 24. f4 Kf7 25. c3 Rhe8 26. Bb4 Bf8 27. g3
Kg8 28. Rd2 e5 29. fxe5 fxe5 30. Nc2 Bf5 31. Bxc5 Bxc5 32. b4 Bxc2 33. Kxc2 Bf8
34. Kb3 Re6 35. Re4 Kf7 36. Rd5 Kf6 37. c5 Kf5 38. Rf4+ Kg6 39. Re4 Kf5 40. Re2
Rce8 41. Kc4 Be7 42. Kd3 Bf6 43. Rf2+ Kg4 44. Ke4 h5 45. a4 h4 46. gxh4 Bxh4
47. Rg2+ Kh3 48. Rxg7 Rf8 49. Rd3+ Kxh2 50. Rg4 Bf2 51. Rd6 Rxd6 52. cxd6 Rc8
53. Kd3 Be1 54. Rc4 e4+ 55. Kd4 Re8 56. d7 Rd8 57. Rc7 Bg3 58. Rb7 Be5+ 59.
Kxe4 Bxc3 60. b5 axb5 61. axb5 Ba5 62. Kd5 Rf8 63. b6 Rf1 64. Rb8 Rd1+ 65. Kc6
Rc1+ 66. Kb7 1-0

[Event "Wch Juvenil 2010 sub12"]
[Site "Porto Carras GRE"]
[Date "2010.10.26"]
[Round "7.5"]
[White "Ali, Marandi Cemil Can"]
[Black "Petrosyan, Manuel"]
[Result "1/2-1/2"]
[WhiteElo "2180"]
[BlackElo "1990"]
[PlyCount "54"]
[EventDate "2010.10.20"]
[EventType "swiss"]
[EventRounds "11"]
[EventCountry "GRE"]
[Source "lmi"]
[SourceDate "2010.10.20"]

1. e4 c5 2. c3 d5 3. exd5 Qxd5 4. d4 Nc6 5. Nf3 cxd4 6. cxd4 e5 7. Nc3 Bb4 8.
Bd2 Bxc3 9. Bxc3 e4 10. Ne5 Nxe5 11. dxe5 Ne7 12. Be2 Bd7 13. O-O Bc6 14. Qc1
Ng6 15. Qg5 O-O 16. Rfd1 Qc5 17. Qg3 Qe7 18. Bh5 Rfe8 19. Bxg6 hxg6 20. Rd6
Rad8 21. Rad1 Rxd6 22. exd6 Qe6 23. h3 Rd8 24. b3 Rd7 25. Bb4 Qf5 26. Qe3 a6
27. Bc3 Kh7 1/2-1/2

[Event "Wch Juvenil 2010 sub12"]
[Site "Porto Carras GRE"]
[Date "2010.10.26"]
[Round "7.6"]
[White "Xu, Yi"]
[Black "Williams, Justus D"]
[Result "0-1"]
[WhiteElo "2039"]
[BlackElo "2155"]
[PlyCount "188"]
[EventDate "2010.10.20"]
[EventType "swiss"]
[EventRounds "11"]
[EventCountry "GRE"]
[Source "lmi"]
[SourceDate "2010.10.20"]

1. e4 c5 2. Nf3 e6 3. d4 cxd4 4. Nxd4 a6 5. Bd3 Nf6 6. O-O Qc7 7. c4 Nc6 8. Nf3
Ng4 9. Nc3 h5 10. Be2 Bd6 11. h3 Bc5 12. e5 Ngxe5 13. Ne4 Be7 14. c5 Nxf3+ 15.
Bxf3 Qe5 16. Be3 O-O 17. Nd6 Bxd6 18. cxd6 Qxb2 19. Bxc6 bxc6 20. Qxh5 Qb5 21.
Bc5 a5 22. Rab1 Qc4 23. Rbd1 Qxa2 24. Rd4 Qc2 25. Rg4 Qh7 26. Qg5 f6 27. Qd2
Ba6 28. Ra1 Bb5 29. Rxa5 Rxa5 30. Qxa5 Qh5 31. Qc3 e5 32. Be3 Re8 33. Bd2 Re6
34. Qb3 Kf7 35. Kh2 Qf5 36. Qg3 g5 37. Bb4 e4 38. Qe3 Re5 39. Bc3 Re6 40. Bb4
Bd3 41. Qa7 Re8 42. Rg3 Re5 43. Qc7 c5 44. Bc3 Rd5 45. Bxf6 Kxf6 46. Qd8+ Kf7
47. Qe7+ Kg8 48. Qe8+ Kg7 49. h4 Qe6 50. Qd8 Qxd6 51. Kg1 Qf6 52. Qc7 Qa1+ 53.
Kh2 Qe5 54. Qd8 c4 55. Kg1 Qf6 56. Rxg5+ Rxg5 57. Qxd7+ Qf7 58. Qd4+ Qf6 59.
Qd7+ Kg6 60. hxg5 Kxg5 61. Qd5+ Qf5 62. Qg8+ Kf6 63. Qf8+ Kg5 64. Qg7+ Qg6 65.
Qe5+ Kg4 66. Qg3+ Kf5 67. Qh3+ Ke5 68. Qh8+ Qf6 69. Qb8+ Qd6 70. Qb2+ Kd5 71.
Qg7 Kc5 72. Qb2 Kd5 73. Qb7+ Kd4 74. Qg7+ Qe5 75. Qa7+ Qc5 76. Qg7+ Kd5 77.
Qd7+ Qd6 78. Qb7+ Qc6 79. Qf7+ Kc5 80. Qe7+ Kb5 81. Qe5+ Ka4 82. Qc3 Qb7 83.
Kh2 Qb3 84. Qd4 Qb8+ 85. Kg1 Kb3 86. Qd5 Kb2 87. f3 Qb6+ 88. Kh2 e3 89. Qe5+ c3
90. Qd5 c2 91. Qe5+ Kb1 92. Qc3 Qd6+ 93. Kh3 Bf5+ 94. g4 c1=Q 0-1

[Event "Wch Juvenil 2010 sub12"]
[Site "Porto Carras GRE"]
[Date "2010.10.26"]
[Round "7.7"]
[White "Mohammad, Nubairshah Shaikh"]
[Black "Abramciuc, Marius"]
[Result "1-0"]
[WhiteElo "2071"]
[BlackElo "2006"]
[PlyCount "71"]
[EventDate "2010.10.20"]
[EventType "swiss"]
[EventRounds "11"]
[EventCountry "GRE"]
[Source "lmi"]
[SourceDate "2010.10.20"]

1. d4 c5 2. Nf3 cxd4 3. Nxd4 Nc6 4. c4 Nf6 5. Nc3 e6 6. Nc2 d6 7. g3 Be7 8. Bg2
O-O 9. O-O a6 10. e4 Qc7 11. b3 b6 12. Ne3 Bb7 13. Bb2 Rad8 14. Rc1 Qd7 15. Qd2
Ne8 16. Rfd1 g6 17. Na4 Qc7 18. Nd5 exd5 19. cxd5 b5 20. dxc6 Bxc6 21. Qc3 f6
22. Qxc6 Qxc6 23. Rxc6 bxa4 24. Rxa6 axb3 25. axb3 Rb8 26. Bf1 d5 27. exd5 Rxb3
28. d6 Nxd6 29. Ba3 Rxa3 30. Rxa3 Ne4 31. Re3 f5 32. Bg2 Bc5 33. Bxe4 fxe4 34.
Re2 Kg7 35. Rc1 Rc8 36. Rec2 1-0